Año de entrada paises UE - Estadísticas

Estadísticas generales
  • Esta prueba ha sido intentada 133 veces
  • La puntuación promedio es 26 de 28
Estadísticas de respuestas
Grupo Respuesta % Correcto
1986 España
99%
Los miembros fundadores de la UE (1958) Francia
99%
Los miembros fundadores de la UE (1958) Alemania
96%
Los miembros fundadores de la UE (1958) Italia
96%
1986 Portugal
96%
1973 Reino unido
96%
Los miembros fundadores de la UE (1958) Bélgica
95%
Los miembros fundadores de la UE (1958) Países Bajos
95%
1981 Grecia
94%
1973 Irlanda
94%
Los miembros fundadores de la UE (1958) Luxemburgo
94%
1995 Suecia
94%
1973 Dinamarca
92%
2004 Eslovenia
92%
1995 Finlandia
92%
2004 Hungria
92%
2007 Rumania
92%
1995 Austria
91%
2013 Croacia
91%
2004 Eslovaquia
91%
2004 Estonia
91%
2004 Letonia
91%
2004 Lituania
91%
2004 Malta
91%
2007 Bulgaria
88%
2004 Polonia
88%
2004 República Checa
83%
2004 Chipre
82%
No se encontraron pruebas coincidentes
Distribución de puntuación
Porcentaje de gente con cada puntuación
Porcentaje por número respondido
Historial de tus puntuaciones
No has intentado esta prueba.